000 00528nam a2200205Ia 4500
003 OSt
005 20251211144238.0
008 210707s1983 xx 000 0 und d
040 _cAL
041 _aKannada
082 _aK894.3 CHAS
100 _aCHADURANGA
_d ಚದುರಂಗ
_9248873
245 _aSarvamangala.
_b ಸರ್ವಮಂಗಳ
260 _aBengaluru
_bVishva Kannada Sammelana
_c1983
300 _aiv,350 p
365 _b3
_cINR
563 _aPB
650 _aKannada Fiction
_9248874
942 _2ddc
_cBK
999 _c180142
_d180142